00350nam a2200133 a 45000010010000000030011000100080041000210350026000620820014000881000015001022450024001172600051001416500024001920000-9008ELIB.Books110520 1952  a(ELIB.Books)0000-9157 a268 bHon aHong, Edna aTurn Over Any Stone bWheaton: Tyndale House Publishers, Inc. c1952 aChristian Education